Pyramids & Mummies / (Record no. 3335)

MARC details
000 -LEADER
fixed length control field 00958nam a22002897a 4500
001 - CONTROL NUMBER
control field 3335
003 - CONTROL NUMBER IDENTIFIER
control field FISKH
005 - DATE AND TIME OF LATEST TRANSACTION
control field 20240229095205.0
008 - FIXED-LENGTH DATA ELEMENTS--GENERAL INFORMATION
fixed length control field 240228b cb ||||| |||| 00| 0 eng d
020 ## - INTERNATIONAL STANDARD BOOK NUMBER
International Standard Book Number 765145106856
040 ## - CATALOGING SOURCE
Original cataloging agency FISKH
Language of cataloging eng
Transcribing agency FISKH
Modifying agency FISKH
050 ## - LIBRARY OF CONGRESS CALL NUMBER
Classification number DT63.S5418
082 ## - DEWEY DECIMAL CLASSIFICATION NUMBER
Classification number 932
100 ## - MAIN ENTRY--PERSONAL NAME
Personal name Simon, Seymour
245 ## - TITLE STATEMENT
Title Pyramids & Mummies /
Statement of responsibility, etc. by Seymour Simon
260 ## - PUBLICATION, DISTRIBUTION, ETC.
Place of publication, distribution, etc. SeaStar Book :
Name of publisher, distributor, etc. San Franciso ,
Date of publication, distribution, etc. 2003
300 ## - PHYSICAL DESCRIPTION
Extent 40 unnumbered pages:
Other physical details color illustrations ;
Dimensions 24 cm .
490 ## - SERIES STATEMENT
Series statement See more readers
Volume/sequential designation Level 3
505 ## - FORMATTED CONTENTS NOTE
Formatted contents note X <br/>
520 ## - SUMMARY, ETC.
Summary, etc. Provides an easy-to-read overview of Egyptian pyramids and the burial practices associated with them, and introduces on the pyramids of other countries.
521 8# - TARGET AUDIENCE NOTE
Target audience note 890 <br/>
Source Lexile <br/>
521 8# - TARGET AUDIENCE NOTE
Target audience note X <br/>
Source Raz-Plus <br/>
600 ## - SUBJECT ADDED ENTRY--PERSONAL NAME
Source of heading or term pyramids-Egypt
Form subdivision Juvenile Literatrue
650 ## - SUBJECT ADDED ENTRY--TOPICAL TERM
Topical term or geographic name entry element mommies-Egypt
Form subdivision Juvenile Literature
942 ## - ADDED ENTRY ELEMENTS (KOHA)
Source of classification or shelving scheme Dewey Decimal Classification
Koha item type Books
Suppress in OPAC No
Holdings
Withdrawn status Lost status Source of classification or shelving scheme Damaged status Not for loan Collection Home library Current library Shelving location Date acquired Total Checkouts Full call number Barcode Date last seen Price effective from Koha item type
    Dewey Decimal Classification     Non-Fiction Footprints International School Library Network Toul Kork Campus Footprints International School Library Network Toul Kork Campus TTP Secondary Non-Fiction Bookshelves 02/28/2024   SIM 932 DT63.S5418 FIS01853 02/28/2024 02/28/2024 Books